Statistics for All Diamond Play Button Winning Youtube Channels

Click here to take the quiz!

General Stats

  • This quiz has been taken 13 times
  • The average score is 6 of 50

Answer Stats

Suscribers(in million)Winner% Correct
49PewDiePie
83%
22Smosh
42%
16JennaMarbles
42%
18nigahiga
33%
25JustinBieberVEVO
33%
13jacksepticeye
33%
20TaylorSwiftVEVO
33%
20KatyPerryVEVO
33%
15Markiplier
25%
12VEVO
25%
11Sky Does Minecraft
25%
23RihannaVEVO
25%
19EminemVEVO
25%
13T-Series
25%
17TheEllenShow
17%
12The Tonight Show Starring Jimmy Fallon
17%
20OneDirectionVEVO
17%
11Zoella
17%
30HolaSoyGerman
8%
12Machinima
8%
11Bruno Mars
8%
12Dan TDM
8%
13WWE
8%
14Dude Perfect
8%
14KSI
8%
14whinderssonnunes
0%
16Yuya
0%
11CollegeHumor
0%
24YoutubeSpotlight
0%
11Good Mythical Morning
0%
11Maroon5VEVO
0%
21elrubiusOMG
0%
11FailArmy
0%
11PTXofficial
0%
18VanossGaming
0%
11Werevertumorro
0%
16Fernanfloo
0%
12David Guetta
0%
14Fine Brothers Entertainment
0%
12enchufetv
0%
12Porta Dos Fundos
0%
16Vegetta777
0%
15JuegaGerman
0%
12WatchMojo.com
0%
15Spinnin' Records
0%
13AdeleVEVO
0%
14Skrillex
0%
13ERB
0%
13ArianaGrandeVEVO
0%
11NickiMinajAtVevo
0%

Score Distribution

Percentile by Number Answered

Percent of People with Each Score

Your Score History

You have not taken this quiz